banner-ar

قصص الرحالة والكشافين / (Record no. 49844)

MARC details
000 -الفاتح
حقل البيانات ثابتة الطول 00658nam a2200217Ia 4500
008 - عناصر البيانات ثابتة الطول - معلومات عامة
حقل البيانات ثابتة الطول 140319s9999 xx 000 0 ara d
040 ## - مصدر الفهرسة
وكالة الفهرسة الأصلية GCL /
وكالة النسخ GCL
082 04 - رقم تصنيف ديوى العشرى
رقم التصنيف 910.92
رقم المادة و ق
100 1# - المدخل الرئيسى - إسم شخصى
الإسم الشخصى احمد خاكى
245 10 - بيان العنوان
العنوان قصص الرحالة والكشافين /
بيان المسئوليه,etc احمد خاكى
700 1# - المدخل الاضافى - اسم شخصى
الإسم الشخصى وطسن, اليزابيث ج بوج
700 1# - المدخل الاضافى - اسم شخصى
الإسم الشخصى كراثرز, ج ايزابيل
700 1# - المدخل الاضافى - اسم شخصى
الإسم الشخصى ادوار رياض
300 ## - الوصف المادى
التعداد 119
490 ## - بيان السلسلة
عنوان السلسلة الهيئة العامة للاستعلامات
رقم المجلد/ التعيين التسلسلي 0
650 04 - المدخل الاضافى بالموضوع-مصطلح موضوعى
مصطلح موضوعي الرحلات
650 04 - المدخل الاضافى بالموضوع-مصطلح موضوعى
مصطلح موضوعي المكتشفون
650 04 - المدخل الاضافى بالموضوع-مصطلح موضوعى
مصطلح موضوعي الكشوف الجغرافية
942 ## - عناصر المدخل الإضافي( كوها)
مصدر التصنيف او مخطط الترفيف Dewey Decimal Classification
Koha [default] item type كتاب
Holdings
حالة التراجع حالة الفقد حالة تلف ليس للاعارة المكان المؤقت الموقع الحالى تاريخ الاكتساب اجمالي اﻻعارات رقم الطلب الباركود تاريخ اخر مشاهدة تاريخ تفعيل السعر نوع وعاء كوها
        مكتبة القاهرة الكبرى مكتبة القاهرة الكبرى 03/26/2014   910.92\و ق 119597 03/26/2014 03/26/2014 كتاب

Powered By

EGPV